MDQL
is popping MORE tags! Check the
thread
!
Quizzes
Events
Quiz Creation
Community
Videos
Private Events
Remove Ads
Sign In
Join for FREE
Feedback
Dark Mode
Quiz Categories
Sports
Geography
Music
Movies
Television
Just For Fun
Miscellaneous
History
Literature
Language
Science
Gaming
Entertainment
Religion
Holiday
For Kids
Quiz Lab
Recent
Popular Today
Quiz Kudos Today
Editor Picks
Curator Picks
Quizzes by...
Day
Popularity
Type
Ratings
Length
Year
Community
Subscriptions
Recent Discussions
Orange Saloon
Badges
Playlists
Quests
Create
Leaderboards
Showdown
Live 5
Trivia Bingo
Activity
Puzzle Library
Sporcle Events
Private Events
Virtual Trivia
Globe League
Become a Host
Pub Owners
SporcleCon
Opinionation
Our Games
Videos
Blog
Mobile Apps
Partnerships
Remove Ads and Go Orange
Feedback
Gaming
Video Games
Board Games
Card Games
Pokémon
Mario
Nintendo
Minecraft
Console
Toys
Legend of Zelda
Gaming
Video Games
Board Games
Card Games
Pokémon
Mario
Nintendo
Minecraft
Console
Toys
Legend of Zelda
Random Quiz
Search Sporcle
×
Quiz Lab
Quiz Lab
Gaming
Pokémon
Type in answers that appear in a list
Type in answers that appear in a list
Classic
Best Score? Go Orange.
Flying-Type Pokemon (Gen. V) Stats
Can you name the Flying type Pokemon in Pokemon Black & White?
By
SmokeMonster
8m
18 Questions
116 Plays
116 Plays
116 Plays
Comments
Comments
Give Quiz Kudos
Give Quiz Kudos
-
- Ratings
hide this ad
Replay
Link that replays current quiz
Next Quiz
Link to next quiz in quiz playlist
You Got
0%
They Got
Avg Score
80%
Avg Friend Score
Upgrade to see
Score Distribution
Jump to the score distribution portion of the page
Score
0/18
Timer
08:00
0
Plays Today
Number
Pokemon
% Correct
#25
Pidove
96.5%
#27
Unfezant
96.5%
#26
Tranquill
93.9%
#87
Swanna
84.3%
#86
Ducklett
82.6%
#67
Sigilyph
80%
#93
Emolga
80%
#33
Woobat
79.1%
#34
Swoobat
78.3%
Number
Pokemon
% Correct
#73
Archeops
78.3%
#72
Archen
77.4%
#148
Thundurus
77.4%
#147
Tornadus
76.5%
#151
Landorus
76.5%
#134
Braviary
74.8%
#136
Mandibuzz
72.2%
#133
Rufflet
71.3%
#135
Vullaby
69.6%
Quiz Playlist
Details
Report
Send in Message
Add To Playlist
Classic:
Type in answers that appear in a list
Quiz Source
Last Updated: Feb 16, 2017
Quiz Scoreboard
CHALLENGE
Sign Up to Join the Scoreboard
Show All
Scores
Hide
Comments
May contain spoilers
Recently Published
Image Sorting: Flags VI
by Barbecue
Geography
2m
Find the 'City' Movie
by crazypaving
Movies
60s
Colored Red Africa Blitz
by spor1
Geography
45s
More to Explore
Quiz From the Vault
Featured Blog Post
14 Easter Pick-up Lines to Find Eggs With
hide this ad
You Might Also Like...
Tags
Pokémon Quiz
black
Flying Pokémon
Generation 5
White
Today's Top Quizzes in Gaming
Browse Gaming
hide this ad
Today's Top Quizzes in Pokémon
Browse Pokémon
Top Contributed Quizzes in Gaming
1
League of Legends Pro Players by Career/Team History
2
Destiny 2 exotic weapons by perk icons
3
Genshin murder mystery
4
Dead By Daylight Logic Puzzle
5
Genshin Impact Logic Puzzle
6
Valorant Agent Developer Names (Up to Clove)
7
Overwatch 2: Ultimate Ability Icons
8
4x4 Decades: Video Games
9
Who's on the WWE 2K24 Cover?
10
Undertale Logic Puzzle
Explore More
Trending Topics
Kpop
Disney
Marvel
NBA
Harry Potter
Crossword
Anime
WWE
Soccer
Puzzle
Song
NFL
Pokémon
The Office
Country
hide this ad
More By:
SmokeMonster
Quiz
Plays
Rating
Category
Featured
Created
Parks and Recreation Trivia 1
2,669
2.89
Television
Jun 6, 2011
2000's Screenplay Oscar nominees
1,282
3.89
Movies
Feb 3, 2010
Pokemon Equivalents of Animals
764
4.00
Gaming
Jan 31, 2010
Golden Globe Comedy/Musical Actor 2000's
578
3.40
Movies
Mar 23, 2010
Golden Globe Comedy/Music Actress 2000's
545
5.00
Movies
Mar 23, 2010
Go to Creator's Profile
Score Distribution
Quiz Creator Spotlight
SmokeMonster
Follow
Send a Message
Quizzes Created
-
Created Quiz Play Count
-
More By This Creator
Popular Quizzes Today
1
Colored Red Africa Blitz
2
Find the US States - No Outlines Minefield
3
Find the 'City' Movie
4
5x2 Blitz: Bands
5
The Countries of the World
6
Find the US States
7
Find the Countries of Europe - No Outlines Minefield
8
US States
More Gaming Quizzes
Any Word A-Z: Candy Land Board
Published
Trending Quizzes
Colored Red Europe Blitz I
Colored Red Europe Blitz II
Colored Red Africa Blitz II
Colored Red Europe Blitz III
Colored Red Africa Blitz III
Recently Updated
How Do You Spell That?
pecheneg
Godzilla Movies
pecheneg
Grab Bag: 4-10 Letters
pecheneg
2024 March Madness Bracket
pecheneg
Famous TV Couples
Peacemaker
Champions League XIs: Real Madrid
pecheneg
Largest US Cities 1790-2010
pecheneg
Rides in Walt Disney World
pecheneg
Most Oscar Losses (Acting)
pecheneg
Beyoncé Albums
pecheneg
Trending Topics
Disney
Harry Potter
Marvel
NBA
Kpop
Crossword
Anime
Puzzle
Country
Song
Pokémon
NFL
The Office
WWE
Soccer
Your Account Isn't Verified!
In order to create a playlist on Sporcle, you need to verify the email address you used during registration. Go to your
Sporcle Settings
to finish the process.
Report this User
Report this user for behavior that violates our
Community Guidelines
.
Details:
Send Report
Go to the Sporcle.com Mobile Site →
Comments